000 00445nam a2200193Ia 4500
005 20240823053906.0
008 240823s9999||||xx |||||||||||||| ||und||
020 _a978-81-250-3069-0
041 _aENGLISH
082 _A823.914 P7
100 _aBibhutibhushan Bandopadhyay
245 0 _aMoon Mountain
250 _a1st
260 _c2007
_bOrient Black
500 _aYES
650 _aGeneral
_bGeneral
942 _cBK
999 _c225196
_d225196